|
|
|
|
| LEADER |
00797nab a2200181 i 4500 |
| 001 |
tort85 |
| 005 |
20220207115814.0 |
| 008 |
211127s1996 hu o 0|| zxx d |
| 022 |
|
|
|a 0133-0500
|
| 040 |
|
|
|a PEREPO TORTENET
|b hun
|
| 041 |
|
|
|a zxx
|
| 245 |
0 |
2 |
|a A nulladik évfolyam ugródeszka lehet...
|h [elektronikus dokumentum]
|
| 260 |
|
|
|a Zalai Hírlap Kiadói Bt.
|b Zalaegerszeg, Magyarország
|c 1996-09-27
|
| 300 |
|
|
|a 7-7
|
| 490 |
0 |
|
|a Zalai Hírlap
|v 52. No. 227
|
| 695 |
|
|
|a Pénzügyi és Számviteli Főiskola Zalaegerszegi Intézete - PSZF ZI
|
| 695 |
|
|
|a Tóth József dr.
|
| 856 |
4 |
0 |
|u https://perepo-tortenet.uni-pannon.hu/id/eprint/85/1/1996-09-27_zalai_h%C3%ADrlap_A%20nulladik%20%C3%A9vfolyam%20ugr%C3%B3deszka%20lehet...%20%2852.%20%C3%A9vf.%2C%20227.%20sz.%2C%20p.%207.%29.pdf
|z Dokumentum-elérés
|